000 00917cam a2200265 a 4500
001 000019410
005 20200929170017.0
008 711222s1966 sp 001 e spa d
040 _aDO-SdBNP
_bspa
_cDLC
_dBNPHU
082 _a864.6
_bM542p, 1966
100 1 _aMenéndez Pidal, Ramón,
_d1869-1968.
_93902
245 1 3 _aEl P. las Casas y Vitoria :
_bcon otros temas de los siglos XVI y XVII /
_cRamón Menéndez Pidal.
250 _a2a ed.
260 _aMadrid :
_bEspasa-Calpe,
_c1966.
300 _a152, [16] p. ;
_c18 cm.
490 1 _aAustral. Verde: ensayos y filosofía
_v1286
500 _aIncluye índice de autor
650 4 _aEnsayos españoles
_93095
650 4 _aLiteratura española
_9632
651 4 _aAmérica Latina
_xHistoria
_ySIGLOS XVI-XVII
_941668
830 0 _aAustral,
_pVerde: ensayos y filosofía;
_v1286
_98733
910 _aCatalogación derivada / LC
910 _aWM
049 _aBNGR
999 _c18926
_d18926